000 00816nam a2200253Ia 4500
008 160319s9999 xx 000 0 und d
020 _a978-971-584-637-0
050 _aFIL LB 2806.15
050 _b.A36 2008
100 _aAgno, Lydia N.
245 _aBuilding bridges across disciplines in basic education :
245 _ba sourcebook in curriculum integration and thematic teaching /
245 _cLydia N. Agno.
260 _aQuezon City:
260 _bC & E Pub. Inc.,
260 _c2008
300 _a199 pages :
300 _billustrations ;
300 _c25 cm.
500 _aIncludes bibliographical references.
650 _aCurriculum planning -- Philippines.
650 _aEducation -- Curricula -- Philippines.
650 _xInterdisciplinary approach in education -- Philippines.
999 _c291658
_d291658